000
00343nam a2200145Ia 4500
005
20251222143109.0
008
251222s9999||||xx |||||||||||||| ||spa||
020
_a
958-9181-82-1
082
_a
618.92/P79
100
_a
Posada Díaz, Álvaro
245
0
_a
El Niño Sano
250
_a
3a.ed.
264
_b
Médica Internacional
942
_c
LIB
999
_c
11118
_d
11118